000 00721cab a2200181 4500
001 ##L133344
008 060503n2006 000 0 eng u
035 _a(Sirsi) u133344
041 0 _aeng
100 1 _aCruise, Sinead
245 0 0 _aDatabank
_bprivate investor
260 _c2006
490 0 _aProperty Week
_v71(17) 28 April 2006, 21(1)
520 _aThe number of properties offered and sold at auction increased by a third in the first quarter of 2006. Private investors spent £364m in this quarter, compared with £253m in the corresponding period last year. However, this has prompted fears that a decline in the market is looming.
590 _aIKA090506
690 _aPROPERTY-AUCTIONEERING
942 _n0
999 _c76945
_d76945